Library of the University of Algiers 3
Ibrahim Sultan Cheibout
شعار جامعة الجزائر 3
مكتبة جامعة الجزائر 3
إبراهيم سلطان شيبوط

مفاهيم وتطبيقات في السلوك الإداري / (رقم التسجيلة. 45200)

تفاصيل مارك
000 -LEADER
fixed length control field 02362nam a2200217Ia 4500
003 - CONTROL NUMBER IDENTIFIER
control field Ost
005 - DATE AND TIME OF LATEST TRANSACTION
control field 20260507075631.0
008 - FIXED-LENGTH DATA ELEMENTS--GENERAL INFORMATION
fixed length control field 260507s9999||||xx |||||||||||||| ||und||
040 ## - CATALOGING SOURCE
Transcribing agency fsecg
041 ## - LANGUAGE CODE
Language code of text/sound track or separate title ara
082 ## - DEWEY DECIMAL CLASSIFICATION NUMBER
Classification number 350.1
100 ## - MAIN ENTRY--PERSONAL NAME
Personal name القبلان، يوسف محمد
Relator term مؤلف
245 #0 - TITLE STATEMENT
Title مفاهيم وتطبيقات في السلوك الإداري /
Statement of responsibility, etc. يوسف محمد القبلان
250 ## - EDITION STATEMENT
Edition statement طبعة 2
260 ## - PUBLICATION, DISTRIBUTION, ETC.
Place of publication, distribution, etc. الرياض:
Name of publisher, distributor, etc. مطابع الأوفست,
Date of publication, distribution, etc. 2001
300 ## - PHYSICAL DESCRIPTION
Extent 249 صفحة؛
Other physical details إيضاحات ؛
Dimensions 24 سم
520 ## - SUMMARY, ETC.
Summary, etc. المحتويات : الفصل الأول : المشاركة بين النظرية والتطبيق : الفرق بين الدوام والعمل : الاتصالات : الإنصات : بناء الفريق والعمل الجماعي : الظروف الاجتماعية للعمل : مشاركة العائلة في إدارة المدرسة : إدارة الاجتماع : اتخاذ القرار : الحوافز والفروق الفردية : الرضا عن العمل : تقويم الاداء : مقابلة التوظيف : مقابلة الخروج : التدريب استثمار : الاتصال بالمدير : العلاقات غير الرسمية-الفصل الثاني : سلوك قيادي : معلومات مرتددة-الانتمالء-الرقابة اذاتية وسولوك القدوة-التقنية والقرار-الصديق-أساليب إدارية : بناء الفريق : المتعة في العمل : في صالة السفر : لا أعمل تحت إدارتك : سلوكيات للمناقشة : قولبة الناس : تجارة بلا ضمير : قوة الشخصية : من يتخذ القرار ؟ : المدير بين الوظيفة والموظف : كلنا مدراء : سلوكيات التوظيف : إدارة الوقت : إدارة الاجتماع : الإبداع غير ممنوع : مدراء فاشلون : الهاتف أفضل من الحضور : عايد المشغول : المدير يطلب النصيحة : عادل والانتظار : موظف النسخ والتصوير : حالة دراسية في اتخاذ القرار : عاجل جدا : فرصة للترقية : حالة تطبيقية عن الاتصالات
653 ## - INDEX TERM--UNCONTROLLED
Uncontrolled term إدارة الاعمال
653 ## - INDEX TERM--UNCONTROLLED
Uncontrolled term إدارة الافراد
942 ## - ADDED ENTRY ELEMENTS (KOHA)
Koha item type كتب
المقتنيات
Withdrawn status Lost status Source of classification or shelving scheme Damaged status Not for loan Home library Current library Date acquired Serial enumeration / chronology Inventory number Total checkouts Full call number Barcode Date last seen Price effective from Koha item type
    Dewey Decimal Classification   NOT LOAN / إعارة داخلية مكتبة كلية العلوم الإقتصادية والعلوم التجارية وعلوم التسيير مكتبة كلية العلوم الإقتصادية والعلوم التجارية وعلوم التسيير 07/05/2026 الطابق الأرضي 786/1   أ/786ن1 786/1 07/05/2026 07/05/2026 كتب

موارد الويب المفتوحة


© University of Algiers 3 All Rights Reserved
|
Implemented by LECHELAH Riad